| 000 | 01018nam a22002897a 4500 | ||
|---|---|---|---|
| 001 | 5557 | ||
| 003 | FISKH | ||
| 005 | 20241217144655.0 | ||
| 008 | 241217b cb ||||| |||| 00| 0 eng d | ||
| 020 | _a9780439827652 | ||
| 040 |
_aFISKH _beng _cFISKH _dFISKH |
||
| 050 | _aE180.M55 | ||
| 082 | _a973 | ||
| 100 | _aMiller, Millie | ||
| 245 |
_aThe United States of America : _bstate-by-state guide / _cby Millie Miller & Cyndi Nelson |
||
| 250 | _aThis edition paperback printing, October 2006 | ||
| 260 |
_aNew York : _bScholastic ; _c1999 . |
||
| 300 |
_a64 pages : _bcolor illustrations , maps ; _c28 cm . |
||
| 505 | _aU | ||
| 520 | _aPresents information about the people, places, birds, insects, flowers, endangered species, and more associated with each of the fifty states and the nation's capital. | ||
| 521 | 8 |
_a820
_bLexile estimate |
|
| 521 | 8 |
_aU
_bRAz-Plus |
|
| 650 |
_areference _vNon-fiction |
||
| 700 |
_aSabato, Nancy _eBook designer |
||
| 942 |
_2ddc _cBK _n0 |
||
| 999 |
_c5557 _d5557 |
||